| 000 | 01161nam a2200277 a 4500 | ||
|---|---|---|---|
| 001 | BRL_325 | ||
| 005 | 20190320210703.0 | ||
| 008 | 290713s1904----nyua######---#000-0#spa-# | ||
| 041 | _aspa | ||
| 044 | _anyu | ||
| 050 | 4 |
_aF1211 _b.L94 1904 |
|
| 100 | 1 |
_aLumholtz, Carl Sofus _d1851-1922 _97584 |
|
| 245 | 1 | 0 |
_aEl México desconocido _bcinco años de exploración entre las tribus de la Sierra Madre occidental, en la tierra caliente de Tepic y Jalisco, y entre los tarascos de Michoacán _cpor Carl Lumholtz ; tr. por Balbino Dávalos. |
| 260 |
_aNueva York _bCharles Scribner´s Sons _c1904 |
||
| 300 |
_a2 v. _bil. (algunas a color), mapas _c25 cm. |
||
| 500 | _aSe cuenta con un 2do ej. del v.1 son copias y esta encuadernado (29 cm.) | ||
| 500 | _aEstado físico: v.1. restaurado ; v.2. presenta rotura al centro de la 3ra hoja y carece de portada | ||
| 500 | _av.1. Au2368, v.1 Au302 (copias), v.2. Au301 | ||
| 650 | 1 | 4 |
_aViajeros noruegos _97585 |
| 650 | 1 | 4 |
_aIndígenas de México _94678 |
| 650 | 1 | 4 |
_aTarascos _97587 |
| 651 | 4 |
_aMéxico _xDescripción y viajes _9103 |
|
| 700 | 1 |
_aDávalos, Balbino _etr. _923553 |
|
| 902 | _aGRL | ||
| 942 |
_2lcc _cB |
||
| 999 |
_c9138 _d9138 |
||